Gemeinden von Wolfsberg - Statistiken

Allgemein
  • Dieses Quiz wurde 181 mal gespielt
  • Das Durchschnittsergebnis liegt bei 7 aus 9
Antworten auf der Karte
Die Antworten werden auf der Karte rot bzw. grün angezeigt, abhängig davon wie oft sie richtig erraten wurden.
 
Antwortstatistiken
Einwohner Gemeinde % Korrekt
25.031 Wolfsberg
100%
9.850 St. Andrä
98%
4.324 Bad St. Leonhard im Lavanttal
79%
2.871 Lavamünd
79%
3.238 St. Paul im Lavanttal
75%
2.516 Frantschach-St. Gertraud
70%
1.939 St. Georgen im Lavanttal
64%
1.784 Reichenfels
62%
935 Preitenegg
61%
Keine übereinstimmenden Quizze gefunden
Verteilung der Resultate
Anzahl Personen mit jedem Resultat
Perzentil nach korrekt beantworteten Fragen
Ihre Resultats-Entwicklung
Sie haben dieses Quiz noch nicht gespielt